[Event "Open adultes Yves Coquereau Saint-Lô"]
[Site "?"]
[Date "2013.07.11"]
[Round "6.3"]
[White "Benard, Anne-Laurie"]
[Black "Smith, Matthieu"]
[Result "0-1"]
[WhiteElo "1925"]
[BlackElo "2103"]
[PlyCount "72"]
[EventDate "2013.??.??"]
[SourceDate "2013.07.07"]

1. e4 d6 2. d4 Nf6 3. Nc3 e5 4. Nf3 Nbd7 5. Bc4 Be7 6. dxe5 dxe5 7. Bxf7+ Kxf7
8. Ng5+ Kg6 9. f4 exf4 10. Ne6 Qg8 11. Nd5 Qxe6 12. Nxf4+ Kf7 13. Nxe6 Kxe6 14.
Qe2 Ne5 15. Bf4 Bd6 16. O-O-O Ke7 17. h3 Be6 18. Kb1 a6 19. g4 b6 20. Qh2 Nfd7
21. g5 h5 22. Qg2 g6 23. Rhf1 Rhf8 24. Bg3 Rxf1 25. Rxf1 Rf8 26. h4 Rxf1+ 27.
Qxf1 Bg4 28. Bf2 Bf3 29. Qe1 Nc5 30. Bxc5 Bxc5 31. Qg3 Bd6 32. Qf4 b5 33. Qe3
b4 34. Qa7 Bxe4 35. Qxa6 Bf5 36. a4 b3 0-1

[Event "Open adultes Yves Coquereau Saint-Lô"]
[Site "?"]
[Date "2013.07.11"]
[Round "6.4"]
[White "Amoyal, Pierre"]
[Black "Gallon, Willy"]
[Result "1/2-1/2"]
[WhiteElo "2136"]
[BlackElo "2027"]
[PlyCount "86"]
[EventDate "2013.??.??"]
[SourceDate "2013.07.07"]

1. d4 e6 2. c4 f5 3. g3 Nf6 4. Bg2 Bb4+ 5. Nc3 O-O 6. Nh3 c5 7. dxc5 Na6 8. O-O
Nxc5 9. Nb5 Nce4 10. a3 Be7 11. f3 a6 12. Nd4 Nd6 13. c5 Nf7 14. b4 b6 15. cxb6
Qxb6 16. Be3 Nd5 17. Bf2 Qd8 18. Nxf5 Bf6 19. Nd4 Bb7 20. e4 Nc3 21. Qd3 Nb5
22. Rad1 Ne5 23. Qb3 Qe8 24. a4 Nxd4 25. Bxd4 d5 26. Nf4 Ng6 27. Nxg6 Qxg6 28.
e5 Be7 29. b5 axb5 30. axb5 Rfb8 31. Ra1 Ba6 32. Rfb1 Rxb5 33. Qxb5 Bxb5 34.
Rxa8+ Kf7 35. Rxb5 Qd3 36. Bf1 Qxd4+ 37. Kg2 Bc5 38. Rb7+ Kg6 39. Bb5 Qf2+ 40.
Kh3 Qxf3 41. Rg8 Qf5+ 42. Kg2 Qe4+ 43. Kh3 Qf5+ 1/2-1/2

[Event "Open adultes Yves Coquereau Saint-Lô"]
[Site "?"]
[Date "2013.07.11"]
[Round "6.5"]
[White "Lepigoche, Cyril"]
[Black "Bakalarz, Grazyna"]
[Result "1-0"]
[WhiteElo "2113"]
[BlackElo "1993"]
[PlyCount "59"]
[EventDate "2013.??.??"]
[SourceDate "2013.07.07"]

1. c4 Nf6 2. g3 g6 3. Bg2 d5 4. cxd5 Nxd5 5. Nc3 Nb6 6. Nf3 Bg7 7. d3 O-O 8.
O-O Nc6 9. Be3 Nb4 10. Qd2 Re8 11. Bg5 c6 12. Rfd1 Bg4 13. h3 Be6 14. Kh2 N6d5
15. Ne4 Qb6 16. Bh6 Bh8 17. d4 Rad8 18. a3 Na6 19. b4 Bc8 20. Neg5 f6 21. Ne4
e5 22. dxe5 fxe5 23. Qa2 Nac7 24. Nfg5 Ne6 25. Rd3 Re7 26. Rad1 a5 27. Nc5 Rde8
28. e4 Nf6 29. Rd6 axb4 30. axb4 1-0

[Event "Open adultes Yves Coquereau Saint-Lô"]
[Site "Saint-Lô"]
[Date "2013.07.12"]
[Round "7.1"]
[White "Burg, Brent"]
[Black "Smith, Matthieu"]
[Result "1-0"]
[WhiteElo "2205"]
[BlackElo "2103"]
[PlyCount "39"]
[EventDate "2013.07.07"]
[EventCountry "FRA"]
[SourceDate "2013.07.07"]

1. e4 d6 2. d4 Nf6 3. Nc3 e5 4. Nf3 Nbd7 5. Bc4 Be7 6. O-O O-O 7. Re1 c6 8. a4
b6 9. Ba2 Bb7 10. h3 a6 11. Nh4 exd4 12. Qxd4 c5 13. Qd1 Nxe4 14. Nxe4 Bxh4 15.
Nxd6 Qf6 16. Be3 Bc6 17. Bd5 Bxd5 18. Qxd5 Qg6 19. Nf5 Bg5 20. Bxg5 1-0

[Event "Open adultes Yves Coquereau Saint-Lô"]
[Site "Saint-Lô"]
[Date "2013.07.12"]
[Round "7.2"]
[White "Chaplain, Fabrice"]
[Black "Marie, Guillaume"]
[Result "0-1"]
[WhiteElo "2115"]
[BlackElo "2088"]
[PlyCount "72"]
[EventDate "2013.07.07"]
[EventCountry "FRA"]
[SourceDate "2013.07.07"]

1. e4 c5 2. c3 Nf6 3. e5 Nd5 4. Bc4 Nb6 5. Bb3 e6 6. Nf3 Nc6 7. O-O d6 8. exd6
Bxd6 9. d4 Be7 10. Be3 cxd4 11. cxd4 O-O 12. Nc3 Na5 13. Bc2 Nac4 14. Qd3 g6
15. Bh6 Re8 16. b3 Nd6 17. Rac1 Nd5 18. Bb1 Nf5 19. Bd2 Bf6 20. Ne4 Bg7 21. Ne5
f6 22. Nc4 Nb6 23. Bc3 Nxc4 24. bxc4 b6 25. d5 Ba6 26. d6 Bb7 27. Rfd1 Bxe4 28.
Qxe4 Nxd6 29. Qd4 Nb7 30. Qf4 Qe7 31. Be4 Rad8 32. Bxb7 Qxb7 33. Bxf6 Rxd1+ 34.
Rxd1 Rf8 35. Rd8 Rxd8 36. Bxd8 Qd7 0-1

[Event "Open adultes Yves Coquereau Saint-Lô"]
[Site "Saint-Lô"]
[Date "2013.07.12"]
[Round "7.3"]
[White "Lepigoche, Cyril"]
[Black "Veron, Cyprien"]
[Result "1-0"]
[WhiteElo "2113"]
[BlackElo "2076"]
[PlyCount "79"]
[EventDate "2013.07.07"]
[EventCountry "FRA"]
[SourceDate "2013.07.07"]

1. Nf3 Nf6 2. c4 e6 3. g3 b6 4. Bg2 Bb7 5. O-O Be7 6. Nc3 O-O 7. Qc2 d5 8. d4
c5 9. Rd1 Nc6 10. dxc5 bxc5 11. cxd5 exd5 12. a3 h6 13. Na4 Ne4 14. Be3 Na5 15.
Ne5 Qc7 16. Nd3 Rac8 17. Bxe4 dxe4 18. Ndxc5 Bc6 19. b4 Nb7 20. Rac1 Qe5 21.
Nxb7 Bxb7 22. Nc5 Bxc5 23. Bxc5 Rfd8 24. e3 Rxd1+ 25. Qxd1 a5 26. Qd7 Rc7 27.
Qd8+ Kh7 28. Rd1 Qh5 29. Rd2 Qe5 30. Kg2 Ba6 31. Qd6 Qxd6 32. Bxd6 Rc1 33. g4
axb4 34. axb4 Bd3 35. Rb2 Rb1 36. Ra2 Kg6 37. h3 h5 38. gxh5+ Kxh5 39. Ra5+ Kh4
40. Bg3# 1-0

[Event "Open adultes Yves Coquereau Saint-Lô"]
[Site "Saint-Lô"]
[Date "2013.07.12"]
[Round "7.4"]
[White "Fernandez, Clement"]
[Black "Ledoux, Jean-Luc"]
[Result "0-1"]
[WhiteElo "1702"]
[BlackElo "2055"]
[PlyCount "78"]
[EventDate "2013.07.07"]
[EventCountry "FRA"]
[SourceDate "2013.07.07"]

1. d4 Nf6 2. Nf3 e6 3. c4 b6 4. a3 Bb7 5. Nc3 Be7 6. d5 exd5 7. cxd5 O-O 8. e4
Re8 9. Be2 d6 10. O-O c5 11. Re1 Nbd7 12. h3 a6 13. a4 Bf8 14. Bf1 g6 15. Bf4
Nh5 16. Bh2 f6 17. Nd2 Ne5 18. f4 Nf7 19. f5 Ne5 20. Be2 Ng7 21. fxg6 hxg6 22.
Bxe5 dxe5 23. Bc4 Kh7 24. Qg4 f5 25. exf5 gxf5 26. Qg3 Bd6 27. Nf3 e4 28. Ng5+
Kg6 29. Ne6+ Bxg3 30. Nxd8 Raxd8 31. Re3 Be5 32. Kf1 Re7 33. Rd1 Ne8 34. g4 Nd6
35. gxf5+ Nxf5 36. Ree1 Rf8 37. Kg1 Nd6 38. Ba2 Bd4+ 39. Kh2 Rf2+ 0-1

[Event "Open adultes Yves Coquereau Saint-Lô"]
[Site "Saint-Lô"]
[Date "2013.07.12"]
[Round "7.5"]
[White "Veniat, Nicolas"]
[Black "Amoyal, Pierre"]
[Result "0-1"]
[WhiteElo "1801"]
[BlackElo "2136"]
[PlyCount "72"]
[EventDate "2013.07.07"]
[EventCountry "FRA"]
[SourceDate "2013.07.07"]

1. e4 c5 2. Nc3 Nc6 3. g3 g6 4. Bg2 Bg7 5. d3 Nf6 6. Be3 d6 7. Qc1 Ng4 8. Bd2
Bd4 9. Be3 Nxe3 10. fxe3 Bg7 11. Nge2 O-O 12. O-O Qb6 13. Rb1 Bg4 14. Nd5 Qd8
15. Nec3 a6 16. Rf4 Bd7 17. Na4 Rb8 18. Nab6 Be8 19. Nc4 b5 20. Nd2 e6 21. Nc3
Bh6 22. Nf3 g5 23. Rg4 f5 24. exf5 exf5 25. Nxg5 Bxg5 26. Bd5+ Kh8 27. Qf1 Bd7
28. Rf4 Bxf4 29. Qxf4 Qf6 30. Rf1 Qe5 31. Qf3 Nb4 32. Bb3 Rbe8 33. e4 c4 34.
dxc4 bxc4 35. Ba4 Bxa4 36. Nxa4 fxe4 0-1

[Event "Open adultes Yves Coquereau Saint-Lô"]
[Site "Saint-Lô"]
[Date "2013.07.13"]
[Round "8.1"]
[White "Marie, Guillaume"]
[Black "Burg, Brent"]
[Result "1/2-1/2"]
[WhiteElo "2088"]
[BlackElo "2205"]
[PlyCount "44"]
[EventDate "2013.07.07"]
[EventCountry "FRA"]
[SourceDate "2013.07.07"]

1. e4 d6 2. d4 Nf6 3. Nc3 Nbd7 4. Nf3 e5 5. Bc4 Be7 6. O-O O-O 7. Re1 c6 8. a4
a5 9. h3 Qc7 10. Be3 Re8 11. Ng5 Rf8 12. Nf3 Re8 13. Ba2 h6 14. d5 Nf8 15. Nh2
Ng6 16. Qf3 c5 17. Ng4 Nxg4 18. hxg4 Qd7 19. Qf5 Qd8 20. Qf3 Qd7 21. Qf5 Qd8
22. Qf3 Qd7 1/2-1/2

[Event "Open adultes Yves Coquereau Saint-Lô"]
[Site "Saint-Lô"]
[Date "2013.07.13"]
[Round "8.2"]
[White "Ledoux, Jean-Luc"]
[Black "Lepigoche, Cyril"]
[Result "0-1"]
[WhiteElo "2055"]
[BlackElo "2113"]
[PlyCount "73"]
[EventDate "2013.07.07"]
[EventCountry "FRA"]
[SourceDate "2013.07.07"]

1. d4 d5 2. c4 c6 3. Nc3 Nf6 4. Nf3 dxc4 5. a4 Bf5 6. e3 e6 7. Bxc4 h6 8. O-O
Nbd7 9. Qe2 Ne4 10. Nd2 Ndf6 11. Ndxe4 Nxe4 12. f3 Nxc3 13. bxc3 Bd6 14. e4 Bh7
15. f4 O-O 16. Rf3 Qc7 17. Bd2 a6 18. e5 Be7 19. Rg3 Bf5 20. Bd3 Bh4 21. Bxf5
Bxg3 22. Bc2 Bh4 23. Qe4 g6 24. f5 Bg5 25. fxg6 f5 26. exf6 Rxf6 27. Be1 Qf4
28. Qxf4 Bxf4 29. g3 Be3+ 30. Kg2 Raf8 31. Bd3 Bf2 32. Bc4 Kg7 33. Bd2 Bxd4 34.
Bxh6+ Kxh6 35. cxd4 Kxg6 36. h4 Rd8 37. Rd1 0-1

[Event "Open adultes Yves Coquereau Saint-Lô"]
[Site "Saint-Lô"]
[Date "2013.07.13"]
[Round "8.3"]
[White "Amoyal, Pierre"]
[Black "Benard, Anne-Laurie"]
[Result "1-0"]
[WhiteElo "2136"]
[BlackElo "1925"]
[PlyCount "63"]
[EventDate "2013.07.07"]
[EventCountry "FRA"]
[SourceDate "2013.07.07"]

1. d4 Nf6 2. c4 e6 3. Nc3 Bb4 4. Nf3 O-O 5. Bg5 c5 6. dxc5 Bxc5 7. e3 Nc6 8.
Be2 Be7 9. O-O d5 10. Qc2 dxc4 11. Bxc4 Qa5 12. a3 Ne5 13. Nxe5 Qxe5 14. Bf4
Qh5 15. Be2 Qh4 16. Bf3 Nh5 17. g3 Qh3 18. Rfd1 Nxf4 19. exf4 f5 20. Nb5 Rf6
21. Bg2 Qh5 22. Nxa7 Qe8 23. Nxc8 Rxc8 24. Qb3 b5 25. Rac1 Bc5 26. Rc2 Rf7 27.
Re2 Re7 28. Rc2 Rec7 29. Bf1 Qh5 30. Qxe6+ Kh8 31. Re1 Rf8 32. Qd5 1-0

[Event "Open adultes Yves Coquereau Saint-Lô"]
[Site "Saint-Lô"]
[Date "2013.07.13"]
[Round "8.4"]
[White "Smith, Mathieu"]
[Black "Veron, Cyprien"]
[Result "1-0"]
[WhiteElo "2136"]
[BlackElo "2076"]
[PlyCount "53"]
[EventDate "2013.07.07"]
[EventCountry "FRA"]
[SourceDate "2013.07.07"]

1. Nf3 Nf6 2. g3 d6 3. d4 g6 4. Bg2 Bg7 5. O-O O-O 6. c4 Nc6 7. Nc3 a6 8. h3
Rb8 9. Be3 b5 10. Nd2 Bd7 11. Rc1 b4 12. Nce4 e5 13. dxe5 Nxe4 14. Nxe4 Nxe5
15. c5 dxc5 16. f4 Nc6 17. Nxc5 Qe8 18. Nxd7 Qxe3+ 19. Kh2 Nd4 20. Qd3 Qe6 21.
Nxf8 Rxf8 22. e3 Nb5 23. Bd5 Qb6 24. Rc6 Qa7 25. Qb3 Nd6 26. Rfc1 Rc8 27. Rxd6
1-0

[Event "Open adultes Yves Coquereau Saint-Lô"]
[Site "Saint-Lô"]
[Date "2013.07.13"]
[Round "8.5"]
[White "Gallon, Willy"]
[Black "Chaplain, Fabrice"]
[Result "1-0"]
[WhiteElo "2027"]
[BlackElo "2115"]
[PlyCount "72"]
[EventDate "2013.07.07"]
[EventCountry "FRA"]
[SourceDate "2013.07.07"]

1. e4 c5 2. Nc3 Nc6 3. Nf3 Nf6 4. Bb5 Qc7 5. h3 a6 6. Be2 e5 7. d3 h6 8. O-O g5
9. Nd5 Nxd5 10. exd5 Ne7 11. c3 Nxd5 12. d4 cxd4 13. cxd4 e4 14. Ne5 d6 15. Bc4
Be6 16. Qb3 dxe5 17. Bxd5 Bxd5 18. Qxd5 Rd8 19. Qxe4 Rxd4 20. Qf5 Bg7 21. Be3
Rc4 22. b3 Qc8 23. Qd3 Rc6 24. Rac1 Rxc1 25. Rxc1 Qd7 26. Qe4 O-O 27. h4 g4 28.
Rc4 f5 29. Qc2 Rf7 30. Rc8+ Kh7 31. Qc4 f4 32. Bb6 Qd1+ 33. Kh2 g3+ 34. fxg3
fxg3+ 35. Kxg3 Qe1+ 36. Kh2 Qxh4+ 1-0

[Event "Open adultes Yves Coquereau Saint-Lô"]
[Site "?"]
[Date "2013.07.14"]
[Round "9.1"]
[White "Burg, Brent"]
[Black "Lepigoche, Cyril"]
[Result "1/2-1/2"]
[WhiteElo "2205"]
[BlackElo "2113"]
[PlyCount "43"]
[SourceDate "2013.07.07"]

1. e4 c5 2. c3 d5 3. exd5 Qxd5 4. d4 Nc6 5. Nf3 Nf6 6. Be2 Bg4 7. h3 Bh5 8. c4
Qd7 9. d5 Bxf3 10. Bxf3 Ne5 11. Be2 e6 12. O-O Bd6 13. dxe6 Qxe6 14. Re1 O-O-O
15. f4 Bc7 16. Qb3 Ned7 17. Bd2 Rhe8 18. Bf3 Qb6 19. Nc3 Qxb3 20. axb3 a6 21.
Rxe8 Rxe8 22. Kf2 1/2-1/2

[Event "Open adultes Yves Coquereau Saint-Lô"]
[Site "?"]
[Date "2013.07.14"]
[Round "9.2"]
[White "Smith, Matthieu"]
[Black "Amoyal, Pierre"]
[Result "0-1"]
[WhiteElo "2103"]
[BlackElo "2136"]
[PlyCount "110"]
[SourceDate "2013.07.07"]

1. Nf3 Nf6 2. g3 g6 3. Bg2 Bg7 4. O-O O-O 5. d4 c5 6. c4 cxd4 7. Nxd4 Qc7 8.
Qd3 Nc6 9. Nb5 Qd8 10. e4 d6 11. N1c3 Ne5 12. Qe2 a6 13. Na3 Bg4 14. f3 Bd7 15.
Be3 Rc8 16. Nd5 Nxd5 17. cxd5 b5 18. b3 Qa5 19. Nc2 Qc3 20. Na3 Nd3 21. Rad1
Nb4 22. Rd2 a5 23. Kf2 Rb8 24. Nb1 Qc7 25. a3 Na6 26. Rc2 Qb7 27. Kg1 Rfc8 28.
Rxc8+ Rxc8 29. Qd2 b4 30. a4 Nc5 31. Qd1 e6 32. Re1 exd5 33. exd5 Bf5 34. Bxc5
Rxc5 35. f4 Bc2 36. Qf3 Bd4+ 37. Kh1 Qc8 38. g4 Bc3 39. Nxc3 Rxc3 40. Re3 Bxb3
41. h4 Rxe3 42. Qxe3 Bxa4 43. f5 b3 44. Qd4 Bd7 45. h5 a4 46. Qf6 Qc1+ 47. Kh2
Qf4+ 48. Kh3 Qe5 49. Qd8+ Be8 50. hxg6 hxg6 51. fxg6 fxg6 52. Qb8 b2 53. Bf1 a3
54. Bc4 Qe3+ 55. Kh4 g5# 0-1

[Event "Open adultes Yves Coquereau Saint-Lô"]
[Site "?"]
[Date "2013.07.14"]
[Round "9.3"]
[White "Marie, Guillaume"]
[Black "Gallon, Willy"]
[Result "1/2-1/2"]
[WhiteElo "2088"]
[BlackElo "2027"]
[PlyCount "82"]
[SourceDate "2013.07.07"]

1. c4 e6 2. g3 f5 3. Bg2 Nf6 4. d4 Be7 5. Nc3 O-O 6. Nh3 d6 7. O-O Na6 8. a3 c6
9. f3 e5 10. Nf2 Be6 11. b3 Qc7 12. e3 Rad8 13. Qc2 b5 14. Ne2 bxc4 15. bxc4 d5
16. c5 e4 17. f4 Rb8 18. Bd2 Rb7 19. Qa4 Nb8 20. Rfb1 Nbd7 21. Ba5 Qb8 22. Nc3
Rc8 23. Rb4 Rxb4 24. axb4 Nf8 25. Bf1 Bd7 26. Rb1 Qb7 27. b5 cxb5 28. Bxb5 Bxb5
29. Qxb5 Qxb5 30. Rxb5 Bd8 31. Bxd8 Rxd8 32. Ra5 Ra8 33. Nb5 Rb8 34. Nd6 Rb1+
35. Kg2 g6 36. h3 Rc1 37. Rxa7 Rc3 38. Nd1 Rc1 39. Nf2 Rc3 40. Nd1 Rc1 41. Nf2
Rc3 1/2-1/2

[Event "Open adultes Yves Coquereau Saint-Lô"]
[Site "?"]
[Date "2013.07.14"]
[Round "9.4"]
[White "Guerlach, Frederic"]
[Black "Ledoux, Jean-Luc"]
[Result "1-0"]
[WhiteElo "2040"]
[BlackElo "2055"]
[PlyCount "149"]
[SourceDate "2013.07.07"]

1. Nf3 Nf6 2. c4 e6 3. b3 b6 4. g3 Bb7 5. Bg2 c5 6. O-O Be7 7. Bb2 d6 8. Nc3
Nbd7 9. Re1 O-O 10. e4 e5 11. Nh4 Re8 12. d3 g6 13. Bh3 Nh5 14. Ng2 Bf6 15. Ne2
Nf8 16. Rf1 Ng7 17. Qd2 Nfe6 18. Rae1 Bc8 19. f4 Nd4 20. Bxc8 Rxc8 21. Nxd4
exd4 22. Qf2 Qd7 23. Bc1 b5 24. Qf3 bxc4 25. dxc4 a5 26. g4 Qb7 27. g5 Bd8 28.
Qd3 f5 29. gxf6 Bxf6 30. f5 gxf5 31. exf5 Re5 32. Bf4 Rxf5 33. Bxd6 Qd7 34. Bg3
Rf8 35. Nf4 Qf7 36. Nd5 Bd8 37. Rf4 Qg6 38. Rxf5 Nxf5 39. Nf4 Qg4 40. Qe2 Qxe2
41. Rxe2 Ne3 42. Rf2 Re8 43. Nd3 Be7 44. Bf4 Bf8 45. Rf3 a4 46. Ne5 Nf5 47. Kf2
Re7 48. Rd3 Bh6 49. Kf3 Nh4+ 50. Kg4 Bxf4 51. Kxf4 Ng2+ 52. Kf5 Ne3+ 53. Kf6
Ra7 54. Ke6 Ra6+ 55. Kd7 Kg7 56. Kc7 Rh6 57. Rd2 axb3 58. axb3 Rh3 59. Nd7 Nf1
60. Rg2+ Kh6 61. Nxc5 d3 62. Rf2 Nxh2 63. Rd2 Rh5 64. Nxd3 Nf3 65. Rg2 Nd4 66.
b4 Rh4 67. c5 Ne6+ 68. Kd6 Nd8 69. Kd5 Rh5+ 70. Kc4 Rh4+ 71. Kb5 Rd4 72. Rg3
Kh5 73. c6 Ne6 74. Re3 Rd6 75. Rxe6 1-0

[Event "Open adultes Yves Coquereau Saint-Lô"]
[Site "?"]
[Date "2013.07.14"]
[Round "9.5"]
[White "Benard, Anne-Laurie"]
[Black "Veniat, Nicolas"]
[Result "1-0"]
[WhiteElo "1925"]
[BlackElo "1801"]
[PlyCount "141"]
[SourceDate "2013.07.07"]

1. e4 d5 2. exd5 Nf6 3. Nc3 Nxd5 4. Bc4 c6 5. Qf3 e6 6. Nh3 Nd7 7. O-O Ne5 8.
Qe2 Nxc4 9. Qxc4 Be7 10. d3 O-O 11. Nf4 Bd6 12. Nh3 Be7 13. Ne4 Nf6 14. Bf4 Qd5
15. Nd2 Qh5 16. Rae1 Qd5 17. Be5 b5 18. Qh4 Nd7 19. Qxe7 Nxe5 20. Nf4 Qd7 21.
Qg5 Ng6 22. Nxg6 hxg6 23. Nf3 Qd5 24. Qh4 Qh5 25. Qd4 Qd5 26. b3 Qd8 27. Qb4 a5
28. Qg4 Qf6 29. Ng5 Rd8 30. Re4 Rd5 31. h4 Ra7 32. Rf4 Rf5 33. Rxf5 Qxf5 34.
Qxf5 gxf5 35. Nf3 Rd7 36. Re1 Rd5 37. Re5 Kf8 38. Kf1 Ke7 39. Ke2 Bd7 40. c4
Rxe5+ 41. Nxe5 Be8 42. d4 f6 43. Nd3 Kd6 44. Ke3 e5 45. Nc5 bxc4 46. bxc4 f4+
47. Kd3 Bg6+ 48. Kc3 Bb1 49. a3 Ke7 50. Nb7 a4 51. dxe5 fxe5 52. Nc5 Kd6 53.
Nxa4 c5 54. Nb2 Be4 55. f3 Ba8 56. Kd3 Bc6 57. Nd1 Ke6 58. Nc3 Kf5 59. Nd5 Bb7
60. a4 g5 61. h5 g4 62. fxg4+ Kg5 63. Ke4 Bc8 64. Kxe5 Bxg4 65. Nxf4 Kh6 66.
Kd5 Bd1 67. a5 Bg4 68. Kxc5 Kg5 69. Nd5 Bc8 70. Kb6 Kxh5 71. a6 1-0